000 00341 a2200157 4500
001 59823
020 _a3789135054
040 _cAnchieta - Pituba
100 _aFessel, Karen-Susan
240 1 0 _aStein gesicht
_lpor
245 1 0 _aStein gesicht
300 _a175
362 0 _a2001
650 4 _aLiteratura juvenil em alemão
942 _cBK
999 _c59823
_d59823